000 00873nam a22002655i 4500
001 176161
003 ES-MaACL
005 20230906220016.0
008 101221s1976 sp a |||| | spa d
020 _a84-345-1370-6
080 _a616.43-053.6
245 0 0 _aTrastornos de la pubertad /
_cdirector, J. R. Bierich ; consejo editorial J. R. Bierich... [et al.].
260 _aBarcelona [etc.] :
_bSalvat,
_cD. L. 1976.
300 _aIX, 225 p. :
_bil. bl. y n. ;
_c25 cm.
490 1 _aClínica endocrinológica ;
_v3/1
500 _aÍndice.
504 _aBibliografía.
594 _aTít. original: Disorders of Puberty.
650 0 4 _aPubertad.
_916597
650 4 _aEndocrinología.
_9144424
700 1 _aBierich, J. R.
_9144420
830 0 _aClínica endocrinológica ;
_v3/1
_9189956
852 _aES-MaACL
_jE-13846
_xOlim P-263
999 _c176161
_d176161